000 00355nam a2200169Ia 4500
100 _aVladimirescu/Andrei
650 _aSpice
942 _cRB
366 _f20
654 _aspice books
245 _aSpice Book
260 _bJohn wiley and sons
_aNew Delhi
_c1994
082 _a621.392/VLA
_bVLA
300 _a412
546 _aENGLISH
999 _c24409
_d24409